REAL OR FAKE CHARACTER QUIZ! - Statistics

General Stats
  • This quiz has been taken 11 times
  • The average score is 5 of 66
Answers on the Grid
Answers color-coded by a green-red scale on the quiz's grid according to % correct below.
Zack
Yasminn
Xolots
Worm Fishes
Wood Kid/Boy
William Frankson
Vanille
Vanilla
Tyrone
Tyler Ganci
Tya
Tuskiaoye
Tony
Tom
Todd Hallow
Titter Jitters
Timthoy Sandaburger
Timothy
Timmy
Tim
Tim
Terrases
Sweetie Pie
Sponkiles
Spider
Skya
Shawn
Seven
Scott & Tam
Sarrine
Sand Diggers ( Dune Worms )
Salami Garibay
Saffron
Roserade
Ronbow
Red Hair Braden
Really Gay Braden
Rainbow Dude
Pink Hair Braden
Perry The Discord Groomer
Pepsi Dude That Appears In The Background Of Some Episodes!
Penisos
Paul Pwizerszesa
Paul ( Maurice's Husband )
Patrick
Pansexual Braden
Orangie
Nya
Nightmare(s) Braden(s)
Mya's Little Cusion But Bigger
Mya's Little Cusion
Mot
Monoshiaki
Micheal
Mayer
Maurice's Kids
Maubi
Luke Hummings
Lily
Lesbian Braden
Lavender’s Discord Girlfriend In Real Life
Kunimi
Kirby Kya
Kamala Harris
Jordan
Jokusrea
John Jane
Jimmy
Jim
Jessica
Jax
Jasmine
Jamie
James
Jacob G
Jacob
Jackson T.
Jack
Hot Dog Nurse
Horny Braden
Homosexual Braden
Hillary Clinton
Gumball Gary Bob
Green Hair Braden
Furry Dude
Flabber Jabbers
Fish Hooks
Femboy Braden
Erica
Emo Braden
Dava Masters
Darrick
Darren Gameray
Damien
Dale Yaggs
Cotton Candy
Clock Braden
Cindy Trednendez
Chubby Cheeks
Christane
Cartmen
Canadian Dude
BuzzBalls
Bubble Gum Pink Hair Braden
Brown Hair Braden
Brooklyn
Brasile Garcia
Botswana
Botox
Boobit
Blue Hair Braden
Bastillo
Aunt Queefy
Asexual Braden
Areo-Ace Braden
Alexis
Alex
Alec
AJ
 
Answer Stats
Answer % Correct
Vanilla
100%
Tuskiaoye
50%
Tyler Ganci
50%
Tyrone
50%
Vanille
50%
William Frankson
50%
Xolots
50%
Yasminn
50%
Alec
0%
Alex
0%
Alexis
0%
Areo-Ace Braden
0%
Asexual Braden
0%
Blue Hair Braden
0%
Boobit
0%
Botswana
0%
Brasile Garcia
0%
Brooklyn
0%
Bubble Gum Pink Hair Braden
0%
BuzzBalls
0%
Canadian Dude
0%
Chubby Cheeks
0%
Cindy Trednendez
0%
Cotton Candy
0%
Damien
0%
Emo Braden
0%
Erica
0%
Femboy Braden
0%
Furry Dude
0%
Hillary Clinton
0%
Homosexual Braden
0%
Hot Dog Nurse
0%
Jacob
0%
Jacob G
0%
James
0%
Jax
0%
Jim
0%
Jimmy
0%
Kirby Kya
0%
Kunimi
0%
Lavender’s Discord Girlfriend In Real Life
0%
Luke Hummings
0%
Maubi
0%
Maurice's Kids
0%
Mayer
0%
Micheal
0%
Monoshiaki
0%
Mot
0%
Mya's Little Cusion
0%
Nightmare(s) Braden(s)
0%
Pansexual Braden
0%
Paul ( Maurice's Husband )
0%
Paul Pwizerszesa
0%
Perry The Discord Groomer
0%
Pink Hair Braden
0%
Really Gay Braden
0%
Ronbow
0%
Roserade
0%
Saffron
0%
Salami Garibay
0%
Shawn
0%
Tim
0%
Tim
0%
Timmy
0%
Timothy
0%
Wood Kid/Boy
0%
No matching quizzes found
Score Distribution
Percent of People with Each Score
Percentile by Number Answered
Your Score History
You have not taken this quiz